Sports Quiz

Random Sports Quiz

ESPN Daily Calendar (March 2013) Quiz Stats

Quiz not verified by Sporcle

Challenge
Share
Tweet
Embed
Score 0/26 Timer 05:00
0 Plays Today
Question Answer % Correct
Which school won the NCAA Division I national championship in basketball in 2011?UConn
75%
Which player did the New England Patriots draft #1 overall in 1993?Drew Bledsoe
75%
Which team swept the Reds in the 1939 World Series?New York Yankees
68.8%
Which player was known as the Yankee Clipper?Joe DiMaggio
65.6%
In December of 2011, the Cincinnati Reds traded pitcher Edinson Volquez to which team?San Diego Padres
65.6%
Which college football team plays home games at Doak S. Campbell Stadium?Florida State University
59.4%
Which Los Angeles Dodgers player hit 49 home runs in 2001?Shawn Green
53.1%
Which year was Joe DiMaggio inducted into the Baseball Hall of Fame?1955
53.1%
In 2007, which MLB team overcame a seven-game deficit with 17 games left to play to win its division?Philadelphia Phillies
46.9%
Which woman won three consecutive Wimbledon women's singles titles from 1991-1993?Steffi Graf
37.5%
Who was the basketball coach of Florida State University in 2013?Leonard Hamilton
34.4%
Who was the first manager of the Arizona Diamondbacks?Buck Showalter
31.3%
Which country lost the World Cup in both 1982 and 1986?West Germany
31.3%
Question Answer % Correct
Which college football quarterback had 14 300 yard passing games during the 2006 season?Colt Brennan
28.1%
Which year was the Winter Olympics first held?1924
21.9%
Which Army star averaged a staggering 11.5 yards-per-carry in 1944 and 1945?Glenn Davis
18.8%
Which American won the 1979 Masters?Fuzzy Zoeller
15.6%
Which Philadelphia Phillies player turned an unassited triple play in 1992?Mickey Morandini
15.6%
Which Arkansas coach led his school to 10 bowl games?Frank Broyles
15.6%
Which NHL coach was the longest tenured current NHL head coach at the time he was fired in 2013? Lindy Ruff
6.3%
Which ESPN analyst won the 2004 Lombardi Award?David Pollack
6.3%
How many major league games did Tommy Lasorda play in?26
3.1%
In 2004, which Oregon State receiver had 293 receiving yards in a game against Boise State?Mike Hass
3.1%
Which National League teammates had 100 RBIs in 1988?Andy Van Slyke and Bobby Bonilla
0%
Which bowl game did Duke play in January of 1995?Hall of Fame Bowl
0%
Which college football player had 23 receptions in a game in 1994?Randy Gatewood
0%

You're not logged in!

Compare scores with friends on all Sporcle quizzes.
Join for Free
OR
Log In

You Might Also Like...

Show Comments

Extras

Top Quizzes Today


Score Distribution

Your Account Isn't Verified!

In order to create a playlist on Sporcle, you need to verify the email address you used during registration. Go to your Sporcle Settings to finish the process.

Report this User

Report this user for behavior that violates our Community Guidelines.

Details: